000 00494nam a2200193 a 4500
001 1764762248929
003 ACL
005 20251203171540.0
008 251203s1992##################000#0#eng##
020 _a9789026512503
082 0 4 _a629.049
_bSAU
100 1 _aSauvage, Gilles,
_eauthor.
245 1 0 _aThe Dynamics of Vehicles on Roads and on Tracks :
260 _bTaylor & Francis,
_c1992.
300 _a714 pages
650 0 _aScience.
942 _cENGLISH
040 _aACL
_beng
_cACL
999 _c599809
_d599809